Real Madrid 1 - 4 Ajax (UCL 2019) - Statistiques

Statistiques générales
  • Ce quiz a été pris 115 fois
    32 depuis la dernière actualisation
  • Le résultat moyen est 22 sur 30
Statistiques - réponses
Poste Pays Joueur % Correct
Latéral droit Dani Carvajal
100%
Défenseur central Raphaël Varane
100%
Gardien de but Thibaut Courtois
100%
Milieu défensif Casemiro
97%
Ailier droit remplaçant (29') Gareth Bale
97%
Avant-centre Karim Benzema
97%
Milieu gauche Luka Modrić
97%
Milieu droit Toni Kroos
97%
Ailier gauche Vinicius Junior
93%
Gardien de but André Onana
90%
Milieu gauche Frenkie de Jong
90%
Avant-centre Dušan Tadić
87%
Milieu central remplaçant (87') Federico Valverde
87%
Ailier droit Hakim Ziyech
87%
Latéral droit Noussair Mazraoui
87%
Défenseur central Matthijs de Ligt
83%
Ailier droit Lucas Vázquez
80%
Milieu droit Donny van de Beek
77%
Ailier gauche David Neres
70%
Latéral gauche Nicolás Tagliafico
70%
Défenseur central Daley Blind
63%
Coach Erik ten Hag
60%
Défenseur central Nacho Fernández
60%
Avant-centre remplaçant (74') Kasper Dolberg
57%
Milieu défensif Lasse Schöne
50%
Ailier gauche remplaçant (35') Marco Asencio
43%
Coach Santiago Solari
30%
Latéral droit remplaçant (80') Joël Veltman
27%
Latéral gauche Sergio Reguilón
23%
Milieu offensif remplaçant (73') Dani de Wit
7%
Aucun quiz correspondant
Distribution des résultats
% des personnes avec chaque résultat
Percentile par nombre de réponses
Votre historique - résultats
Vous n’avez pas pris ce quiz depuis la dernière actualisation